Mistrz Wincenty
| Titel: | Mistrz Wincenty / Jadwiga Stabińska |
|---|---|
| Verfasser: | |
| Ausgabe: | Wyd. 1 |
| Veröffentlicht: | Kraków : Społeczny Inst. Wydawn. Znak, 1973 |
| Umfang: | 173 S. : Ill. |
| Format: | Buch |
| Sprache: | Polnisch |
| Schriftenreihe/ mehrbändiges Werk: |
Ludzie i czasy ; 8 |
X
alg: 12444979 001A $03004:29-10-04 001B $06055:14-03-26 $t21:26:33.000 001D $03004:29-10-04 001U $0utf8 001X $00 002@ $0Aau 003@ $0124449794 003O $033315503 $aOCoLC 007A $0124449794 $aHEB 007T $0Herdhh124449794 010@ $apol 011@ $a1973 021A $aMistrz Wincenty $hJadwiga Stabińska 028A $7 $8Stabińska, Jadwiga [Tnd] $9138872554 032@ $aWyd. 1 033A $pKraków $nSpołeczny Inst. Wydawn. Znak 034D $a173 S. 034M $aIll. 036E $aLudzie i czasy $l8 036F $x18 $8Ludzie i czasy $912444976X $l8 044K $#Wincenty$#Kadłubek, Wincenty $#Vincentius $#Vincentius $#Wincent $#Vincentius $#Vincent $#Vincent $#Vincentius $#Vincentius $#Vincentius $#Vincentius $#Kadlubko, Vincentius $#Wincenty $#Vincentius $#Wincenty $#Kadłubko, Vincentius $#Kadłubek, Vincentius $#Wincenty Kadłubek $#Wincenty Kadłubek $#Wincenty Kadłubek $#Kadłụbek, Wincenty Bischof, Chronist, Polen $#Kadłụbek, Wincenty Evêque, Chroniqueur, Pologne $#Kadłụbek, Wincenty Bishop, Chronicler, Poland $#Kadłubko, Vincentius Bischof, Chronist, Polen $#Kadłubko, Vincentius Evêque, Chroniqueur, Pologne $#Kadłubko, Vincentius Bishop, Chronicler, Poland $#Vincent de Cracovie $#Vincent de Cracovie $#Vincent de Cracovie $#Vincent Kadłubek $#Vincent Kadłubek $#Vincent Kadłubek $#Vincentius Cadlubkus $#Vincentius Cadlubkus $#Vincentius Cadlubkus $#Vincentius Cadlucus $#Vincentius Cadlucus $#Vincentius Cadlucus $#Vincentius Cracoviensis $#Vincentius Cracoviensis $#Vincentius Cracoviensis $#Vincentius Kadlubek $#Vincentius Kadlubek $#Vincentius Kadlubek $#Vincentius de Kadlubko $#Vincentius de Kadlubko $#Vincentius de Kadlubko $#Vincentius of Cracow $#Vincentius of Cracow $#Vincentius of Cracow $#Wincent Bogusławicz $#Wincent Bogusławicz $#Wincent Bogusławicz $#Kadlubek, Vincentius Bishop, Chronicler, Poland $#Vincentius $#Vincencius $#Kadlubek, Vincentius Bischof, Chronist, Polen $#Kadlubek, Vincentius Evêque, Chroniqueur, Pologne $#Wincenty Kadłubek $#Vincentius Kadłubko $D20251120 $Ecgmnf $7119449145 $8Kadlubek, Vincentius$Z1160-1223 [Tp1] $9087788861 045F $a900.94380902 $eDDC23BSB 045F/01 $a900 045F/03 $f0902 045F/03 $g438 046M $aLiteraturverz. S. 168 - 173 lok: 12444979 24 101B $029-10-04 $t10:58:34.000 101C $029-10-04 145Z/01 $a2 V 94 145Z/02 $a32 5 C 101U $0utf8 exp: 12444979 24 1 #EPN 201B/01 $029-10-04 $t10:58:34.000 201C/01 $029-10-04 203@/01 $0221244646 208@/01 $a29-10-04 $br 209A/01 $a2 V 95 $du $f050 $h2 V 95 $x00 209C/01 $aK 74.2708 $h74 2708 K 209G/01 $a70792109 $x00 220C/01 $aneu 247C/01 $8358050-7 Marburg, Bibliothek des Herder-Instituts Marburg $9102600961 201U/01 $0utf8 lok: 12444979 78 exp: 12444979 78 1 #EPN 201B/01 $019-04-17 $t19:32:00.000 201U/01 $0utf8 203@/01 $0794443435 208@/01 $a12-11-16 $be 209A/01 $a/ $f000 $x00 237A/01 $aweiterführende Signatur(en): Herder-Institut: 2 V 95 244Z/01 $2Trx $#Poola $#Lenkija $#Polija $#Polen Land $#Poland $#Lengyelország $#Poľsko $#Polsko $8--Trx--Polska$gkraj $x01 $9391345966 244Z/01 $2Trx $8--Trx--Monographie $x02 $9391384546 245Z/01 $a03.02 $x01 247C/01 $82080>Marburg/Lahn, Herder-Institut, Forschungsbibliothek, Bibliographieportal $9336309341 lok: 12444979 204 exp: 12444979 204 1 #EPN 201B/01 $002-03-11 $t15:26:33.000 201C/01 $005-08-10 201U/01 $0utf8 203@/01 $0597004382 208@/01 $a05-08-10 $brUB 209A/01 $a064 G P 74/1065 $du $f000 $h064 g p 74 1065 $x00 247C/01 $8631000-x <26>Gießen, Universität Gießen, Universitätsbibliothek Gießen $9102596697
| LEADER | 00000cam a2200000 c 4500 | ||
|---|---|---|---|
| 001 | 124449794 | ||
| 003 | DE-603 | ||
| 005 | 20260314212633.0 | ||
| 007 | tu | ||
| 008 | 041029s1973 xx |||| | u00||u|pol c | ||
| 035 | |a (DE-599)HEB124449794 | ||
| 035 | |a (OCoLC)33315503 | ||
| 040 | |a DE-603 |b ger |c DE-603 |d DE-603 | ||
| 041 | |a pol | ||
| 082 | 0 | 4 | |8 1\u |a 900.94380902 |q DE-101 |2 23/BSB |
| 085 | |8 1\u |b 900 | ||
| 085 | |8 1\u |z 1 |s 0902 | ||
| 085 | |8 1\u |z 2 |s 438 | ||
| 100 | 1 | |a Stabińska, Jadwiga |0 (DE-603)138872554 | |
| 245 | 0 | 0 | |a Mistrz Wincenty |c Jadwiga Stabińska |
| 250 | |a Wyd. 1 | ||
| 264 | 1 | |a Kraków |b Społeczny Inst. Wydawn. Znak |c 1973 | |
| 300 | |a 173 S. |b Ill. | ||
| 490 | 1 | |a Ludzie i czasy |v 8 | |
| 504 | |a Literaturverz. S. 168 - 173 | ||
| 600 | 1 | 7 | |a Kadlubek, Vincentius |d 1160-1223 |0 (DE-588)119449145 |0 (DE-603)087788861 |2 gnd |
| 830 | 0 | |t Ludzie i czasy |v 8 |w (DE-603)12444976X |w (DE-600)1436456-6 |9 18 |7 as | |
| 924 | 0 | |9 Mb 50 |a (DE-603)221244646 |b DE-Mb50 |c HES |d c |g 2 V 95 | |
| 924 | 0 | |9 2080 |a (DE-603)794443435 |b DE-2080 |c HES |d d |g / | |
| 924 | 0 | |9 26 |a (DE-603)597004382 |b DE-26 |c HES |d c |g 064 G P 74/1065 | |


